【大手私鉄別】駅間距離の長さTOP3 - Statistics

General Stats
  • This quiz has been taken 30 times
  • The average score is 41 of 106
Answer Stats
会社 駅名 距離(km) % Correct
東成田
80%
京成 成田湯川 9.7
76%
京成成田 7.1
76%
羽沢横浜国大
72%
橋本
68%
新横浜
68%
空港第2ビル
68%
印旛日本医大 8.4
64%
秦野
64%
東急 新綱島 3.6
64%
日吉 2.2
64%
近鉄 西青山 7.7
64%
東青山
64%
新松田
60%
京急久里浜
60%
海老名
60%
東海大学前 4.7
56%
関西空港
56%
吾野
52%
多摩境 2.5
52%
小田急 渋沢 6.2
52%
綱島
52%
北久里浜 2.8
52%
かしわ台 2.8
52%
南海 りんくうタウン 6.9
52%
西武 正丸 6.1
48%
芦ヶ久保
48%
横瀬
48%
京王 稲城 3.3
48%
若葉台
48%
京王永山
48%
北千住
48%
綾瀬
48%
豊橋
48%
YRP野比
48%
東飯能 4.0
44%
東吾野 4.0
44%
京阪 4.4
44%
石清水八幡宮 3.5
44%
メトロ 南砂町 2.7
40%
西葛西
40%
伊奈 5.0
40%
阪急 高槻市 4.3
40%
高麗
36%
町屋 2.6
36%
生駒
36%
中書島
36%
いずみ野 2.2
32%
榛原 7.1
32%
みさき公園 4.4
32%
孝子
32%
西宮北口
32%
32%
いずみ中央
28%
室生口大野
28%
新石切 5.7
28%
上牧
28%
富田 3.3
28%
小川町
24%
武庫之荘 3.3
24%
伝法 1.5
24%
武蔵嵐山 7.0
20%
名鉄 富貴 5.8
20%
上野間
20%
朝熊 5.7
20%
池の浦
20%
寝屋川市 2.6
20%
香里園
20%
大物
20%
北野
20%
京急 六浦 2.8
16%
神武寺
16%
阪神 姫島 1.5
16%
千船
16%
出来島 1.4
16%
栗橋 6.7
12%
新古河
12%
上横須賀 4.2
12%
吉良吉田
12%
深井 4.1
8%
泉ケ丘
8%
東武 藤岡 7.8
4%
静和
4%
八丁牟田 2.6
4%
西鉄 端間 3.0
0%
味坂
0%
宮の陣
0%
犬塚 2.6
0%
大溝
0%
蒲池
0%
大城 2.6
0%
No matching quizzes found
Score Distribution
Percent of People with Each Score
Percentile by Number Answered
Your Score History
You have not taken this quiz